Effects of administrative decentralisation on perceiced job characteristics: a naturally occurring quasi-experiment. (Record no. 3147)

000 -LEADER
fixed length control field 00486pab a2200157 454500
008 - FIXED-LENGTH DATA ELEMENTS--GENERAL INFORMATION
fixed length control field 180718b1983 xxu||||| |||| 00| 0 eng d
100 ## - MAIN ENTRY--PERSONAL NAME
Personal name Paul,Robert J.
245 ## - TITLE STATEMENT
Title Effects of administrative decentralisation on perceiced job characteristics: a naturally occurring quasi-experiment.
260 ## - PUBLICATION, DISTRIBUTION, ETC.
Date of publication, distribution, etc. 1983
300 ## - PHYSICAL DESCRIPTION
Extent 88-99
362 ## - DATES OF PUBLICATION AND/OR SEQUENTIAL DESIGNATION
Dates of publication and/or sequential designation Sep.82-Mar.
650 ## - SUBJECT ADDED ENTRY--TOPICAL TERM
Topical term or geographic name entry element Administrative Decentralisation
700 ## - ADDED ENTRY--PERSONAL NAME
Personal name Richard S. Ruch.
773 ## - HOST ITEM ENTRY
Main entry heading ASCI Journal ofr Management
909 ## -
-- 3147
Holdings
Withdrawn status Lost status Damaged status Not for loan Permanent Location Current Location Date acquired Serial Enumeration / chronology Barcode Date last seen Price effective from Koha item type
        Indian Institute of Public Administration Indian Institute of Public Administration 2018-07-19 Volume no: 12, Issue no: 1&2 AR3147 2018-07-19 2018-07-19 Articles

Powered by Koha